| 000 | 00383cam a2200169ua 4500 | ||
|---|---|---|---|
| 020 | _c1.50 | ||
| 041 |
_ahin _h |
||
| 082 |
_a891.54 _bVIS/AS |
||
| 100 | _aViswan, T.N . | ||
| 245 |
_aAshtdal / _cT.N Viswan. _hTextual Documents |
||
| 260 |
_aVaikom : _bAlok Prakasham , _c1968. |
||
| 300 | _a104 ; . | ||
| 365 | _a1.50 | ||
| 504 | _a | ||
| 942 | _cBK | ||
| 999 |
_c8096 _d8096 |
||